| 000 | 00919nab a22002177a 4500 | ||
|---|---|---|---|
| 999 |
_c5708 _d5708 |
||
| 003 | OSt | ||
| 005 | 20251230232853.0 | ||
| 008 | 190605e xxu||||| |||| 00| 0 spa d | ||
| 040 | _cPJ | ||
| 100 |
_96638 _aPanozzo, Octavio R. |
||
| 245 | 1 | 0 |
_aTransición legal, Seguridad Jurídica y la Ley de Bases : _buna revisión de las indemnizaciones derogadas / _cOctavio R. Panozzo. |
| 260 |
_aCiudad Autónoma de Buenos Aires : _bThomson Reuters La Ley, _c2024. |
||
| 300 | _ap. 35-37 | ||
| 500 | _aCita: TR LALEY AR/DOC/2038/2024 | ||
| 505 | _t¿Te interesa el texto completo? Solicitalo al correo: koha@justierradelfuego.gov.ar | ||
| 650 | 0 |
_91316 _aDERECHO LABORAL |
|
| 650 | 0 |
_91803 _aRELACIONES LABORALES |
|
| 650 | 0 |
_91382 _aINDEMNIZACION |
|
| 773 | 0 |
_02711 _93168 _dCiudad Autónoma de Buenos Aires : Thomson Reuters La Ley, 1999-2002. _tRevista de derecho del trabajo. Nº 5 - Septiembre 2024 |
|
| 942 |
_2udc _cANA |
||